000 01634cam a2200409 i 4500
650 0 _9119530
_aDervishes
_xHistory
650 _9119531
_aDervişler
_xTarih
999 _c200429316
_d47240
003 TR-AnTOB
005 20190408214424.0
007 ta
008 071022r20161994tu a 001 0 tur d
020 _a9789750812255
020 _a9750812255
035 _a(OCoLC)283797434
040 _aB9K
_beng
_erda
_cB9K
_dBGZ
_dTR-AnTOB
041 1 _atur
_heng
050 1 4 _aBP188.6
_b.K3719 2016
090 _aBP188.6
_b.K3719 2016
100 1 _aKaramustafa, Ahmet T.,
_d1956-
_eauthor
_938533
240 1 0 _aGod's unruly friends : dervish groups in the Islamic later middle period, 1200-1550.
_lTurkish
245 1 0 _aTanrının kuraltanımaz kulları :
_bİslâm dünyasında derviş toplulukları 1200-1550 /
_cAhmet T. Karamustafa ; çeviren Ruşen Sezer.
250 _a7. baskı
264 _aİstanbul :
_bYapı Kredi yayınları,
_c2016.
300 _a145 pages :
_bilustrations ;
_c24 cm.
336 _atext
_btxt
_2rdacontent
337 _aunmediated
_bn
_2rdamedia
338 _avolume
_bnc
_2rdacarrier
490 0 _aYapı Kredi yayınları ;
_v2498.
_aTarih ;
_v36
500 _aTranslation of: God's unruly friends : dervish groups in the Islamic later middle period, 1200-1550.
500 _aIncludes index.
504 _aBibliography: p.125-140.
590 _aDonated by Levent Kuşoğlu
700 1 _aSezer, Ruşen
_etranslater
_933498
856 _3Publisher web page
_uhttp://kitap.ykykultur.com.tr/kitaplar/tanrinin-kuraltanimaz-kullari-islam-dunyasinda-dervis-topluluklari-1200-1550
942 _2lcc
_cBK